000
00223nam a2200097 a 4500
005
20200930073936.0
008
111020s1964 000 spa d
245
0
_a
Situations.
260
_a
[ParĂs],
_c
1964.
999
_c
34340
_d
34340
040
_a
DO-SdBNP